Widok standardowy
Widok MARC
Pozycja Topical Term
Liczba rekordów, w których użyto hasła: 3
001 - Numer kontrolny
- control field: 40485
003 - Identyfikator numeru kontrolnego
- control field: NUKAT
005 - Data i czas ostatniej modyfikacji
- control field: 20260424143943.0
008 - Dane kontrolne kodowane (40 znaków)
- fixed length control field: 961108 ||a|znnbabn |a ana |c
010 ## - Numer kontrolny Biblioteki Kongresu
- numer kontrolny LC: s 01338340
040 ## - Instytucja sporządzająca rekord
- inst. przygot. dane do rek. khw: -WA U/MM
- język haseł przedmiotowych/tezaurus: kaba
- inst. wprow. rek. khw: WA U/MM
- inst. modyf. rek. khw: WA U/ZM
150 ## - Hasło - nazwa pospolita
- nazwa posp. lub nazwa geogr. na pocz.: Reformacja
- określnik geograficzny: Niemcy.
450 ## - Trop zob. - nazwa pospolita
- nazwa posp. lub nazwa geogr. na pocz.: Réforme
- określnik rzeczowy: Allemagne [f]
450 ## - Trop zob. - nazwa pospolita
- nazwa posp. lub nazwa geogr. na pocz.: Reformation
- określnik geograficzny: Germany [c]
550 ## - Trop zob. też - nazwa pospolita
- podpole kontrolne: h
- nazwa posp. lub nazwa geogr. na pocz.: Augsburskie interim (1548).
670 ## - Źródło informacji
- źródło informacji: RAMEAU